000 00393nam a22001817i 4500
001 1798
003 OSt
005 20170126082259.0
007 tu
008 161220s1985 xxu||||| |||| 00| 0 d
024 7 _a1797
_2RID
040 _cOSt
084 _a15.53
_2z
245 0 0 _aThe Outlook for Thermal Coal
260 _aWashington D.C.,
_c1985.
300 _a65 S. ;
_c30cm.
110 2 _aWorld Bank
_eEd.
942 _cB
999 _c1778
_d1778